Defender : geschichten aus der Mitte der Welt /

Hlavní autor: Steinhöfel, Andreas, 1962-
Jazyk: Němčina
Vydáno: Hamburg : Carlsen, 2001
Témata:
Fyzický popis: 196 s. ; 22 cm
Knihy
Uloženo v:
LEADER 01028nam a2200289 a 4500
001 001117208
003 CZ BrMZK
005 20101018131406.0
007 ta
008 100921s2001 gw c 000 f ger
020 |a 3-551-58068-5  |q (váz.) 
040 |a BOA001  |b cze 
072 7 |a 821-93  |x Literatura pro děti a mládež (beletrie)  |2 Konspekt  |9 26 
072 7 |a 821.112.2-3  |x Německá próza, německy psaná  |2 Konspekt  |9 25 
080 |a 821-93  |2 MRF 
080 |a 821.112.2-31  |2 MRF 
080 |a (0:82-31)  |2 MRF 
100 1 |a Steinhöfel, Andreas,  |d 1962-  |7 xx0017909  |4 aut 
245 1 0 |a Defender :  |b geschichten aus der Mitte der Welt /  |c Andreas Steinhöfel 
260 |a Hamburg :  |b Carlsen,  |c 2001 
300 |a 196 s. ;  |c 22 cm 
655 7 |a německé romány  |7 fd132945  |2 czenas 
655 7 |a publikace pro mládež  |7 fd133157  |2 czenas 
910 2 |a BOA001  |b NK-0005.850 
990 |a BK 
991 |b 201010  |e db  |x 44 
996 7 |b 261D007850  |c NK-0005.850  |l Německá knihovna/2.patro  |r ZHR  |n 5  |p dar  |h K-ste  |w 001145316  |u 000010  |a 0  |e BOA001  |j MZK50  |s A